| 000 | 01708nam0a2200409 4500 | ||
|---|---|---|---|
| 001 | RU\NLR\BIBL_A\022652203 | ||
| 005 | 20260420055242.0 | ||
| 010 |
_a978-5-17-134927-1 _93000 |
||
| 021 |
_aRU _bКН-П-25-054073 _9КН-П-25-5212 |
||
| 035 | _a(NLR Aleph) 022652203 | ||
| 090 |
_a13685714 _c13685714 |
||
| 100 | _a20251023d2025 u y0rusy50 ca | ||
| 101 | 0 | _arus | |
| 102 | _aRU | ||
| 105 | _ay z 000ay | ||
| 181 | 0 |
_ai _baxxe |
|
| 182 | 0 | _an | |
| 200 | 1 |
_aЗолотой телёнок _e[роман] _fИ. Ильф, Е. Петров |
|
| 203 |
_aТекст _bвизуальный _cнепосредственный |
||
| 210 |
_aМосква _cАСТ _d2025 |
||
| 215 |
_a411, [3] с. _d18 |
||
| 225 | 1 | _aСерия "Эксклюзивная классика" | |
| 225 | 1 | _aКниги, изменившие мир. Писатели, объединившие поколения | |
| 225 | 1 | _aРусская классика | |
| 311 | _aПродолж. романа "Двенадцать стульев" | ||
| 333 | _a12+ | ||
| 488 | 0 |
_12001#$aДвенадцать стульев$eроман _tДвенадцать стульев |
|
| 686 | 2 | _aШ6(2=Р)72-744.04Ильф | |
| 686 | 2 | _aШ6(2=Р)72-744.04Петров | |
| 700 | 1 |
_7ca _8rus _aИльф _bИ. А. _f1897-1937 _gИлья Арнольдович _9116447 _3RU\NLR\AUTH\776493 |
|
| 701 | 1 |
_7ca _8rus _aПетров _bЕ. П. _cписатель-сатирик _f1903-1942 _gЕвгений Петрович _9116448 _3RU\NLR\AUTH\776494 |
|
| 942 | _cBOOK | ||
| 980 | _aNB | ||